000 00574nmm a2200193Ia 4500
008 251105s9999||||xx |||||||||||||||||und||
020 _a9788433981080
041 _aspa
100 _ade Sola, Juan
245 0 _aLos colores del adiós
264 _a[Madrid, España] :
_bEditorial Anagrama,
_c[Fecha de publicación no identificada]
300 _a0 páginas
490 _aPanorama de narrativas
650 _aSpanish narrative
700 _ade Sola, Juan
700 1 _a Schlink, Bernhard
856 _uhttps://public.digitaliapublishing.com/a/117482
942 _cCF
999 _c64595
_d64595